000 00372pab a2200157 454500
008 180718b2010 xxu||||| |||| 00| 0 eng d
100 _aBrumer, Ronald D.
245 _aAdaptive governance as a reform strategy
260 _c2010
300 _ap.301-341.
362 _aDec
650 _aNatural resources
773 _aPolicy Sciences
908 _aN
909 _a89891
999 _c89891
_d89891